00721nam a22001097a 4500040000900000082002700009100001700036245042200053260002800475300002100503856008700524 cRUA  aAGR CHE 2012 B052 Or.1 aCHENG DALIS  aThe comparison of rice-parasitic nematodes nudes number on paddy rice field between dry andrainy season in angkor chey district kom pot province,(ការប្រៀបធៀបវត្តមានណេម៉ាតូតលើដំណាំស្រូវ នៅរដូវប្រាំង និងរដូវវស្សាក្នុងស្រុកអង្គរជ័យ ខេត្តកំពត) aphnom penh bRUA c2012 aviii, 43p.cill. uhttps://drive.google.com/file/d/1YwL3rrRokS6AW20K55WRfkxIzaddmgWe/view?usp=sharing